Бурхан багшийн сургааль (Бичлэгийн дугаар. 64669)
[ энгийн харах ]
| 000 -Удирдлага | |
|---|---|
| Ном зүйн бүртгэл тоо буюу кодлох утгыг агуулсан | 00662 a2200217 4500 |
| 003 - ХЯНАЛТЫН ТОО ТОДОРХОЙЛОГЧ | |
| Код | MN-UlNLM |
| 005 - ХАМГИЙН СҮҮЛИЙН ҮЕИЙН ХЭЛЦЛИЙН ОГНОО БА ЦАГ | |
| Тухайн бичилтийг бичсэн засварласан сүүлийн огноо. | 20220707120404.0 |
| 008 - ЕРӨНХИЙ МЭДЭЭЛЭЛ-ЭЛЕМЕНТҮҮДИЙН ӨГӨГДЛИЙН УРТ | |
| fixed length control field | a130t1996 mp ||||| |||| 00| 0 mon d |
| 040 ## - ЭХ СУРВАЛЖИЙГ ТОДОРХОЙЛОН БИЧИХ | |
| Анхны каталогийн байгууллага | Монгол Улсын Үндэсний номын сан |
| 084 ## - БУСАД АНГИЛЛЫН ДУГААР | |
| Анги | 86.39 |
| Ангиллын нэр | Номын сан номзүйн ангилал |
| Зохиогчийн 3-н тэмдэгт | Б 92 |
| Шинжлэх ухааны мэдлэгийн салбар | Шашин - 86 |
| 245 0# - ҮНДСЭН ГАРЧИГ | |
| Гарчиг | Бурхан багшийн сургааль |
| 250 ## - ХЭВЛЭЛТИЙН ТУХАЙ МЭДЭЭ | |
| Дахин хэвлэлтийн мэдээ | 1 |
| 260 0# - ГАРАЛТЫН ТУХАЙ МЭДЭЭ | |
| Хэвлэгдсэн газар | УБ |
| Хэвлэгдсэн он | 1996 |
| 300 ## - ТООНЫ МЭДЭЭ | |
| Хуудасны тоо | 321х |
| 546 ## - ХЭЛНИЙ ТУХАЙ МЭДЭЭ | |
| Хэл | |
| 653 ## - ТҮЛХҮҮР ҮГС | |
| Түлхүүр үг | шашин |
| -- | бусад шашин |
| 740 ## - НОМЫН АГУУЛГЫН ГАРЧИГ | |
| Номын гарчгууд | Бурхан багш. |
| -- | Ном. |
| -- | Бодь мөрийн зэрэг. |
| -- | Ахан дүүсийн холбоо. |
| 856 ## - ЭЛЕКТРОН БАЙРЛАЛ БА ХОЛБООС | |
| Төрөл | Хэвлэмэл ном |
| 942 ## - ЭЛЕМЕНТИЙН ТӨРӨЛ | |
| Төрөл | Ном |
| Буцаан татагдсан төлөв | Хасагдсан шалтгаан | Гэмтсэн төлөв | Данс заагч | Захиалах боломжгүй | Үндсэн номын сан | Одоогийн байршил | Салбар танхим | Сан хөмрөг 5 | Бүртгэсэн огноо | Тавиурын заалт | Баркод | Үнэ | Хамгийн сүүлд байсан огноо | Салбар | Нийт уншлаганд гарсан тоо | Хамгийн сүүлд уншлаганд гарсан огноо | Төрөл | Бүрдүүлэлтийн эх үүсвэр | Уншигчдад зориулсан мэдээлэл |
|---|---|---|---|---|---|---|---|---|---|---|---|---|---|---|---|---|---|---|---|
| МУҮНомын сан салбар | МУҮНомын сан салбар | МУҮНС салбар | Хүмүүн танхим 6 давхар | МУҮНС салбар | Хүмүүн танхим 6 давхар | 2021-09-09 | 58951 | 02058951 | 2000.00 | 2021-09-09 | 0000020589 | 18 | 2020-10-19 | Ном | |||||||
| МУҮНомын сан салбар | МУҮНомын сан салбар | МУҮНС салбар | Хүмүүн танхим 6 давхар | МУҮНС салбар | Хүмүүн танхим 6 давхар | 2021-09-09 | 58952 | 02058952 | 2000.00 | 2022-07-18 | 0000020589 | 14 | 2019-10-14 | Ном | |||||||
| МУҮНомын сан салбар | МУҮНомын сан салбар | МУҮНС салбар | Хүмүүн танхим 6 давхар | МУҮНС салбар | Хүмүүн танхим 6 давхар | 2021-01-25 | 58977 | 02058977 | 3000.00 | 2021-11-03 | 41 | 2021-11-03 | Ном | ||||||||
| МУҮНомын сан салбар | МУҮНомын сан салбар | МУҮНС салбар | Цахим танхим 3 давхар | МУҮНС салбар | Цахим танхим 3 давхар | 2022-02-10 | 970 | 000911000970 | 5240.00 | 2022-02-10 | Цахим материал | Худалдан авсан | Киндлээр уншина |